Návrh systémových opatrení pre aplikáciu princípov časového manažmentu v spoločnosti TENZONA Slovakia s.r.o.

Guardado en:
Detalles Bibliográficos
Autor principal: Križanová, Michaela (Autor)
Otros Autores: Szabó, Peter (Orientador)
Formato: Manuscrito Libro
Lenguaje:eslovaco
Publicado: 2020
Materias:
Acceso en línea:http://is.stuba.sk/zp/portal_zp.pl?podrobnosti=157926
Etiquetas: Agregar Etiqueta
Sin Etiquetas, Sea el primero en etiquetar este registro!

MARC

LEADER 00000ntm a22000003a 4500
001 stuzp78389
003 SK-STU
005 20200704212045.8
007 ta
008 150427s2015----xo-----f-mn---000-0-slo-d
040 |a STU  |b slo 
041 0 |a slo 
100 1 |a Križanová, Michaela  |u 064000  |k Z4  |4 aut  |U MTF Materiálovotechnologická fakulta  |T MTF Ústav priemyselného inžinierstva a manažmentu  |X 69937  |U M4000  |Y 84  |7 69937 
242 0 1 |a Proposal of systemic arrangements for application of time management principles in TENZONA Slovakia s.r.o.  |y eng 
245 1 0 |a Návrh systémových opatrení pre aplikáciu princípov časového manažmentu v spoločnosti TENZONA Slovakia s.r.o. 
260 |c 2020 
650 4 |a plánovanie času  |2 slo 
650 4 |a časový manažment  |2 slo 
650 4 |a zlodej času  |2 slo 
650 4 |a time management  |2 eng 
650 4 |a time planning  |2 eng 
650 4 |a time thief  |2 eng 
700 1 |a Szabó, Peter  |u 064000  |k Z1  |4 ths  |U MTF Materiálovotechnologická fakulta  |T MTF Ústav priemyselného inžinierstva a manažmentu  |X 19244  |U M4000  |Y 84  |7 A000019244 
856 4 |u http://is.stuba.sk/zp/portal_zp.pl?podrobnosti=157926 
996 |c M* DP-14297  |l MMSKP  |s P  |a 0  |w stuzp78389_0001